|
|
|
|
| LEADER |
00000nam2a2200000 4500 |
| 001 |
219191 |
| 005 |
20231101230236.0 |
| 010 |
|
|
|a 9785020358201
|
| 010 |
|
|
|a 978-5-4262-0027-2
|
| 035 |
|
|
|a (RuTPU)RU\TPU\book\239230
|
| 090 |
|
|
|a 219191
|
| 100 |
|
|
|a 20120703d2011 k y0rusy50 ca
|
| 101 |
0 |
|
|a rus
|
| 102 |
|
|
|a RU
|
| 105 |
|
|
|a a z 001zy
|
| 200 |
0 |
|
|a Т. 2. Кн. 1: Теоретическая тектоника и геология
|f под ред. Р. Г. Гарецкого; А. Э. Конторовича
|
| 210 |
|
|
|d 2011
|
| 215 |
|
|
|a 477 с.
|c ил.
|
| 320 |
|
|
|a Библиография в конце глав.
|
| 330 |
|
|
|a Первая книга второго тома избранных трудов А.Л. Яншина посвящена важнейшим задачам теоретической геологии, направлениям развития геологических наук в СССР. Особое внимание уделено важнейшим фундаментальным проблемам теоретической тектоники - учению о срединных массивах и анализу особенностей строения, истории развития и типам структур молодых платформ. Ряд работ посвящен тектонике Евразии. Для геологов, географов, историков науки и студентов вузов геологических специальностей.
|
| 461 |
|
1 |
|0 (RuTPU)RU\TPU\book\246914
|y 978-5-02-035818-8
|t Избранные труды
|f А. Л. Яншин
|g Российская академия наук (РАН), Сибирское отделение (СО), Институт нефтегазовой геологии и геофизики им. А. А. Трофимука (ИНГГ); под ред. А. Э. Конторовича
|v Т. 2. Кн. 1: Теоретическая тектоника и геология
|d 2011
|s Памятники отечественной науки. XX век
|
| 606 |
1 |
|
|a Геология
|2 stltpush
|3 (RuTPU)RU\TPU\subj\58770
|9 34054
|
| 606 |
1 |
|
|a Тектоника
|2 stltpush
|3 (RuTPU)RU\TPU\subj\58770
|9 76521
|
| 610 |
1 |
|
|a теоретическая геология
|
| 610 |
1 |
|
|a тектонический анализ
|
| 610 |
1 |
|
|a геологическая наука
|
| 610 |
1 |
|
|a СССР
|
| 610 |
1 |
|
|a тектонические карты
|
| 610 |
1 |
|
|a Евразия
|
| 610 |
1 |
|
|a геотектоника
|
| 610 |
1 |
|
|a молодые платформы
|
| 610 |
1 |
|
|a срединные массивы
|
| 675 |
|
|
|a 55
|v 3
|
| 675 |
|
|
|a 551.24
|v 3
|
| 702 |
|
1 |
|a Гарецкий
|b Р. Г.
|4 340
|
| 702 |
|
1 |
|a Конторович
|b А. Э.
|4 340
|
| 801 |
|
1 |
|a RU
|b 63413507
|c 20120703
|
| 801 |
|
2 |
|a RU
|b 63413507
|c 20121127
|g RCR
|
| 942 |
|
|
|c BK
|
| 959 |
|
|
|a 99/20120703
|d 1
|e 500,00
|f ЧЗТЛ:1
|